Super League Greece 2022-2023 - Statistics

General Stats
  • This quiz has been taken 15 times
  • The average score is 5 of 14
Answer Stats
Place Team % Correct
1st AEK Athens
92%
2nd Panathinaikos
92%
12th Lamia
58%
14th Levadiakos
58%
7th OFI
42%
11th Panetolikos
42%
9th PAS Giannina
33%
10th Asteras Tripolis
25%
8th Atromitos
25%
13th Ionikos
25%
3rd Olympiacos SFP
8%
6th Volos FC
8%
5th Aris Thessalonikis
0%
4th PAOK Thessalonikis
0%
No matching quizzes found
Score Distribution
Percent of People with Each Score
Percentile by Number Answered
Your Score History
You have not taken this quiz